000 01327namaa22003131i 4500
003 EG-GICUC
005 20260409131216.0
008 260409s1999 ua ||||jr|||| 000 0 ara d
040 _aEG-GiCUC
_bara
_cEG-GiCUC
_dEG-GiCUC
_erda
043 _af----ua
082 0 4 _221
_a303.48
_bS1588
092 0 4 _221
_a303.48
_bS1588
099 _a303.48 S1588
100 1 _aسكران، محمد محمد
_eمؤلف.
245 1 2 _aالعولمة والثقافة العربية :
_bرؤية نقدية /
_cاعداد دكتور محمد محمد سكران
264 _aالفيوم (مصر) :
_bدار قباء للطباعة والنشر،
_c[1999].
300 _a129 صفحة
_b؛
_c24 سم
336 _2rdacontent
_atext
337 _2rdamedia
_aUnmediated
338 _2rdacarrier
_avolume
500 _aقدمت هذه الدراسةالى مؤتمر العولمة والخصوصية الثقافية الذى عقدته جامعة السلطان قابوس سلطنة عمان فى الفترة من 9-11 أكتوبر 1999
504 _a125-129 ببليوجرافيا: صفحات.
541 _aد. جابر عصفور ؛
_bالقاهرة ؛
_cإهداء ؛
_d2024.
650 1 7 _aالعولمة
_2qrmak
650 1 7 _aالثقافة العربية
_2qrmak
651 1 _2qrmak
905 _aNermeen
942 _2ddc
_cBK
_e21
_n0
999 _c179340
_d179340